Social pacts, unemployment, and EMU macroeconomic policy

Salvato in:
Dettagli Bibliografici
Autore principale: Martin, Andrew
Natura: Libro
Lingua:inglese
Pubblicazione: San Domenico (FI) European University Institute 2000
Serie:EUI Working paper RSC No. 2000/32
Soggetti:
Tags: Aggiungi Tag
Nessun Tag, puoi essere il primo ad aggiungerne!!

MARC

LEADER 00000nam a2200000 4500
001 c132060
005 20221123133446.8
041 0 |a eng 
044 |a IT 
245 1 0 |a Social pacts, unemployment, and EMU macroeconomic policy  |c Andrew Martin 
264 1 |a San Domenico (FI)  |b European University Institute  |c 2000 
300 |a 34 s. 
490 1 |a EUI Working paper RSC  |v No. 2000/32 
830 0 |a EUI Working paper RSC  |v No. 2000/32 
610 2 0 |a politika sociálna 
610 2 0 |a nezamestnanosť 
610 2 0 |a únie menové 
610 2 0 |a Európska menová únia 
610 2 0 |a makroekonomika 
610 2 0 |a Európa 
610 2 0 |a Amerika 
100 1 |a Martin, Andrew